Closing the education gap (Record no. 16669)
[ view plain ]
| 000 -LEADER | |
|---|---|
| fixed length control field | 01348nam a22003374a 4500 |
| 082 04 - DEWEY DECIMAL CLASSIFICATION NUMBER | |
| Classification number | 379.2/6/0973 |
| 100 1# - MAIN ENTRY--AUTHOR NAME | |
| Personal name | Vernez, Georges. |
| 245 10 - TITLE STATEMENT | |
| Title | Closing the education gap |
| 260 ## - PUBLICATION, DISTRIBUTION, ETC. (IMPRINT) | |
| Place of publication | Santa Monica, CA : |
| Name of publisher | RAND, |
| Year of publication | 1999. |
| 300 ## - PHYSICAL DESCRIPTION | |
| Number of Pages | xxvi, 198 p. : |
| Other physical details | ill. |
| 500 ## - GENERAL NOTE | |
| General note | "MR-1036-EDU"--P. [4] of cover. |
| 650 #0 - SUBJECT ADDED ENTRY--TOPICAL TERM | |
| Topical Term | Educational equalization |
| Topical Term | Minorities |
| 700 1# - ADDED ENTRY--PERSONAL NAME | |
| Personal name | Krop, Richard A., |
| Personal name | Rydell, C. Peter. |
| 856 40 - ELECTRONIC LOCATION AND ACCESS | |
| Uniform Resource Identifier | http://site.ebrary.com/lib/rucke/Doc?id=5002318 |
No items available.
